[Event "Moscow Aeroflot op-B 10th"]
[Site "Moscow"]
[Date "2011.02.11"]
[Round "4"]
[White "Abbasifar, Hasan"]
[Black "Shaposhnikov, Evgeny"]
[Result "1/2-1/2"]
[WhiteElo "2411"]
[BlackElo "2549"]
[PlyCount "41"]
[EventDate "2011.02.08"]
[EventType "swiss"]
[EventRounds "9"]
[EventCountry "RUS"]
[SourceTitle "CBM 140 Extra"]
[Source "ChessBase"]
[SourceDate "2011.03.01"]
[SourceVersion "1"]
[SourceVersionDate "2011.03.01"]
[SourceQuality "1"]

1. e4 c5 2. Nf3 e6 3. d4 cxd4 4. Nxd4 a6 5. Bd3 Bc5 6. Nb3 Be7 7. 0-0 d6 8. Be3 Nf6 9. f4 0-0 10. N1d2 Nc6 11. c3 b5 12. Qe2 Bb7 13. Nd4 Nd7 14. Rf3 Nxd4 15. cxd4 e5 16. Rh3 g6 17. fxe5 dxe5 18. Bh6 Re8 19. d5 Nc5 20. Rf1 Bc8 21. Qf2 1/2-1/2